[Event "Bergen Grand Prix 2019"]
[Site "Bergen"]
[Date "2019.11.17"]
[Round "5.6"]
[White "Sorensen, Simen"]
[Black "Melkevik, Egil"]
[Result "1-0"]
[WhiteElo "2004"]
[BlackElo "1747"]
[Annotator "NA RC"]
[PlyCount "55"]
[EventDate "2019.11.15"]
[EventType "swiss"]
[EventCountry "NOR"]
[SourceTitle "playchess.com"]
[Source "ChessBase"]
[SourceQuality "1"]
[TimeControl "40/5400:1800"]

{[%evp 12,54,26,16,25,18,8,0,7,-19,-17,0,12,-30,32767,32767,32767,32767,32767,32767,32767,32767,32767,32767,32767,-18,107,138,214,279,455,486,452,482,1101,813,1239,1416,1856,1962,32767,2300,29997,29998,29999]} 1. d4 {[%emt 0:00:22]} b6 {[%emt 0:00:03]} 2. Bf4 {[%emt 0:00:53]} Bb7 {[%emt 0:00:04]} 3. e3 {[%emt 0:00:10]} e6 {[%emt 0:00:04]} 4. Nf3 {[%emt 0:00:06]} Nf6 {[%emt 0:00:04]} 5. Bd3 {[%emt 0:00:23]} d6 {[%emt 0:02:05]} 6. Nbd2 {[%emt 0:02:22]} Nh5 {[%emt 0:02:27] A47: 1 d4 Nf6 2 Nf3 b6: Torre, London and Colle Systems} 7. Bg5 {[%emt 0:00:58]} Be7 {[%emt 0:00:40]} 8. Bxe7 {[%emt 0:03:25]} Qxe7 {[%emt 0:00:05]} 9. c4 {[%emt 0:04:03]} (9. c3 Nd7 10. Qa4 a6 11. Be4 d5 12. Bd3 O-O 13. O-O {0-1 (40) Sandipan,C (2575)-Jumabayev,R (2625) Chengdu 2017}) 9... Nd7 {[%emt 0:03:09]} 10. g4 $146 {[%emt 0:05:39]} ({Predecessor:} 10. b4 a5 11. a3 f5 12. bxa5 Rxa5 13. Nb3 Ra7 {1-0 (23) Polgar,Z (2400)-Jamieson,R (2455) Adelaide 1986}) 10... Nhf6 {[%emt 0:07:35]} 11. Rg1 {[%emt 0:04:32]} h6 {[%emt 0:04:55]} 12. Qe2 {[%emt 0:06:16]} e5 {[%emt 0:04:50]} 13. Bc2 {[%emt 0:10:37]} g6 {[%emt 0:02:02]} 14. O-O-O {[%emt 0:00:56]} d5 {[%emt 0:03:12]} 15. dxe5 {[%emt 0:04:10]} Nxe5 {[%emt 0:00:26]} 16. Nxe5 {[%emt 0:00:46]} Qxe5 {[%emt 0:00:04]} 17. Nf3 {[%emt 0:00:28]} Qe7 {[%emt 0:00:51]} 18. Ba4+ {[%emt 0:01:17]} c6 {[%emt 0:10:12]} (18... Kf8 $11) 19. cxd5 {[%emt 0:02:43]} b5 {[%emt 0:13:10]} (19... Qc5+ $16 {keeps fighting.} 20. Kb1 O-O) 20. d6 {[%emt 0:06:08]} Qd7 $2 {[%emt 0:01:42]} (20... Qd8) 21. Bb3 {[%emt 0:00:37]} Nd5 {[%emt 0:07:01]} 22. e4 {[%emt 0:02:02]} Nf4 {[%emt 0:04:50]} (22... O-O $142 23. Qd2 (23. Bxd5 cxd5 24. e5 Rfe8 $18) 23... Qxd6 24. exd5 cxd5 25. Qxh6 Rfe8) 23. Qd2 {[%emt 0:01:29]} Ne6 {[%emt 0:01:50]} 24. Ne5 {[%emt 0:00:54]} Qd8 {[%emt 0:00:06]} 25. d7+ {[%emt 0:00:13]} Kf8 {[%emt 0:00:55]} 26. Bxe6 $18 {[%emt 0:00:29]} fxe6 {[%emt 0:00:07]} 27. Qf4+ {[%emt 0:00:21]} Kg7 {[%emt 0:00:06]} 28. Qf7# {[%emt 0:00:08]} 1-0

[Event "Bergen Grand Prix 2019"]
[Site "Bergen"]
[Date "2019.11.17"]
[Round "5.7"]
[White "Fossan, Benjamin"]
[Black "Rasmussen, Jonas H"]
[Result "0-1"]
[WhiteElo "1942"]
[BlackElo "1951"]
[Annotator "NA RC"]
[PlyCount "188"]
[EventDate "2019.11.15"]
[EventType "swiss"]
[EventCountry "NOR"]
[SourceTitle "playchess.com"]
[Source "ChessBase"]
[SourceQuality "1"]
[TimeControl "40/5400:1800"]

1. e4 {[%emt 0:00:05]} e5 {[%emt 0:00:08]} 2. Nf3 {[%emt 0:00:06]} Nc6 {[%emt 0:00:08]} 3. Bc4 {[%emt 0:00:06]} Bc5 {[%emt 0:00:07]} 4. d3 {[%emt 0:00:10]} Nf6 {[%emt 0:00:58]} 5. Nc3 {[%emt 0:00:12]} h6 {[%emt 0:00:24]} 6. Be3 {[%emt 0:06:43]} Bb6 {[%emt 0:03:14]} 7. h3 {[%emt 0:04:59]} d6 {[%emt 0:00:25]} 8. a3 {[%emt 0:02:57] C50: Hungarian Defence and Giuoco Pianissimo} (8. Bxb6 axb6 9. d4 O-O 10. O-O Bd7 11. Re1 Re8 12. a3 g6 13. Qd2 Kg7 14. Rad1 Qc8 15. Bf1 Rd8 16. Nd5 Ng8 17. dxe5 dxe5 18. Qc3 {½-½ (57) Kabanov,N (2450)-Bindrich,F (2606) St Petersburg 2018}) 8... Be6 {[%emt 0:02:40]} 9. Ba2 {[%emt 0:01:36]} O-O {[%emt 0:08:17]} 10. O-O {[%emt 0:08:33]} Ne7 {[%emt 0:02:53]} 11. d4 {[%emt 0:06:09]} Bxa2 $146 {[%emt 0:05:52]} ({Predecessor:} 11... exd4 12. Nxd4 Bxd4 13. Bxd4 Nc6 14. f4 Nxd4 15. Qxd4 Bxa2 16. Nxa2 Re8 17. Rae1 {0-1 (29) Adyrbaev,A-Volkov,A (2002) Omsk 2014}) 12. Rxa2 {[%emt 0:00:50]} Ng6 {[%emt 0:01:01]} 13. dxe5 {[%emt 0:12:20]} dxe5 {[%emt 0:01:10]} 14. Bxb6 {[%emt 0:00:35]} axb6 {[%emt 0:00:30]} 15. Ra1 {[%emt 0:00:58]} Qe7 {[%emt 0:05:42]} 16. Nd5 {[%emt 0:03:02]} Nxd5 {[%emt 0:02:57]} 17. Qxd5 {[%emt 0:01:08]} c6 {[%emt 0:01:48]} 18. Qb3 {[%emt 0:02:41]} b5 {[%emt 0:01:21]} 19. Rad1 {[%emt 0:03:27]} Ra4 {[%emt 0:04:06]} 20. Rfe1 {[%emt 0:00:54]} Rd8 {[%emt 0:04:50]} 21. c3 {[%emt 0:01:23]} Rxd1 {[%emt 0:07:54]} 22. Qxd1 {[%emt 0:00:04]} Ra8 {[%emt 0:00:25]} 23. Qc2 {[%emt 0:01:55]} Qe6 {[%emt 0:02:31]} 24. Rd1 {[%emt 0:03:21]} Nf4 {[%emt 0:05:12]} 25. Kh2 {[%emt 0:01:06]} Qf6 {[%emt 0:02:54]} 26. Rd2 {[%emt 0:08:32]} Re8 {[%emt 0:02:37]} 27. Ne1 {[%emt 0:01:28]} Re6 {[%emt 0:02:30]} 28. g3 {[%emt 0:01:33]} Ng6 {[%emt 0:01:25]} 29. Qd1 {[%emt 0:00:29]} Nf8 {[%emt 0:03:08]} 30. Kg2 {[%emt 0:03:14]} Qg6 {[%emt 0:02:26]} 31. Qg4 {[%emt 0:00:25]} Qf6 {[%emt 0:02:49]} 32. Qd1 {[%emt 0:01:36]} Qe7 {[%emt 0:02:13]} 33. Nc2 {[%emt 0:00:37]} Qg5 {[%emt 0:01:16]} 34. Ne3 {[%emt 0:00:40]} Ng6 $2 {[%emt 0:01:12]} ({Black should try} 34... Re8 $14) 35. Kh2 {[%emt 0:01:10]} h5 {[%emt 0:01:11]} 36. h4 {[%emt 0:01:13]} ({White should try} 36. Nf5 $16) 36... Qe7 $2 {[%emt 0:00:32]} (36... Nxh4 $1 $11 {and Black is okay.} 37. gxh4 Qxh4+ {[%mdl 64] Double Attack} 38. Kg1 Rg6+ 39. Kf1 Rf6) 37. Qxh5 {[%emt 0:01:19]} Nf8 {[%emt 0:00:45]} 38. Nf5 {[%emt 0:00:32]} Qf6 {[%emt 0:00:10]} 39. Qg5 {[%emt 0:00:33]} Qxg5 {[%emt 0:00:07]} 40. hxg5 $18 {[%emt 0:00:01]} g6 {[%emt 0:00:09]} 41. Nh6+ {[%emt 0:06:55]} Kg7 {[%emt 0:00:14]} 42. Rd8 {[%emt 0:02:11]} Re7 {[%emt 0:00:53]} 43. Ng4 {[%emt 0:01:05]} Ne6 {[%emt 0:00:25]} 44. Rd3 {[%emt 0:01:22]} Nxg5 {[%emt 0:01:21]} 45. f3 {[%emt 0:00:54]} Nh7 {[%emt 0:05:58]} 46. Kg2 {[%emt 0:02:46]} Nf8 {[%emt 0:00:40]} 47. Kf2 {[%emt 0:01:16]} Nd7 {[%emt 0:00:29]} 48. Ne3 {[%emt 0:01:13]} Nc5 {[%emt 0:01:08]} 49. Rd6 {[%emt 0:01:36]} Na4 {[%emt 0:02:34]} 50. Rd2 {[%emt 0:00:35]} Nb6 {[%emt 0:00:24]} 51. b3 {[%emt 0:00:42]} Rc7 {[%emt 0:00:30]} 52. c4 {[%emt 0:01:16]} bxc4 {[%emt 0:00:41]} 53. Nxc4 {[%emt 0:00:17]} Nxc4 {[%emt 0:00:05]} 54. bxc4 {[%emt 0:00:04]} Kf6 {[%emt 0:00:07]} 55. c5 {[%emt 0:01:39]} Ke7 {[%emt 0:00:19]} 56. Ke3 {[%emt 0:00:55]} Rd7 {[%emt 0:02:31]} 57. Rxd7+ {[%emt 0:00:49]} Kxd7 {[%emt 0:00:05]} 58. f4 {[%emt 0:00:22]} Ke6 {[%emt 0:00:35]} 59. a4 {[%emt 0:00:44]} f6 {[%emt 0:01:41]} 60. Kf3 {[%emt 0:00:53]} f5 {[%emt 0:02:18]} 61. Ke3 {[%emt 0:00:01]} Kf6 {[%emt 0:00:43]} 62. Kf3 {[%emt 0:00:02]} exf4 {[%emt 0:01:57]} 63. gxf4 {[%emt 0:01:18]} fxe4+ {[%emt 0:00:42]} 64. Kxe4 {[%emt 0:00:05]} Ke6 {[%emt 0:00:05]} 65. Kd4 {[%emt 0:00:25]} Kf5 {[%emt 0:00:15]} 66. Ke3 {[%emt 0:00:00]} Kf6 {[%emt 0:00:44]} 67. Ke4 {[%emt 0:00:06]} Ke6 {[%emt 0:00:02]} 68. Kd4 {[%emt 0:00:01]} Kf5 {[%emt 0:00:02]} 69. Ke3 {[%emt 0:00:00]} g5 {[%emt 0:00:00]} 70. fxg5 {[%emt 0:00:03]} Kxg5 {[%emt 0:00:01]} 71. Ke4 {[%emt 0:00:01]} Kf6 {[%emt 0:00:01]} 72. Kf4 {[%emt 0:00:01]} Ke6 {[%emt 0:00:02]} 73. Ke4 {[%emt 0:00:00]} Kd7 {[%emt 0:00:28]} 74. Ke5 {[%emt 0:00:03]} Kc7 {[%emt 0:00:19]} 75. Ke6 {[%emt 0:00:24]} Kb8 {[%emt 0:00:17]} 76. Kd7 {[%emt 0:00:04]} Ka7 {[%emt 0:00:06]} 77. Kd6 {[%emt 0:00:05]} Kb8 {[%emt 0:00:08]} 78. Kd7 {[%emt 0:00:01]} Ka7 {[%emt 0:00:04]} 79. Kc7 {[%emt 0:00:13]} Ka6 {[%emt 0:00:01]} 80. Kc8 {[%emt 0:00:05]} b5 {[%emt 0:00:20]} 81. Kc7 {[%emt 0:00:16]} bxa4 {[%emt 0:00:01]} 82. Kxc6 {[%emt 0:00:01]} a3 {[%emt 0:00:01]} 83. Kd7 {[%emt 0:00:01]} a2 {[%emt 0:00:01]} 84. c6 {[%emt 0:00:00]} a1=Q {[%emt 0:00:02]} 85. c7 {[%emt 0:00:01]} Qd4+ {[%emt 0:00:01]} 86. Kc8 {[%emt 0:00:01]} Qh8+ {[%emt 0:00:02]} 87. Kd7 {[%emt 0:00:01]} Kb7 {[%emt 0:00:00]} 88. Kd6 {[%emt 0:00:01]} Qc8 {[%emt 0:00:01]} 89. Ke7 {[%emt 0:00:02]} Qxc7+ {[%emt 0:00:01]} 90. Ke6 {[%emt 0:00:00]} Qd8 {[%emt 0:00:02]} 91. Ke5 {[%emt 0:00:01]} Kc6 {[%emt 0:00:00]} 92. Ke6 {[%emt 0:00:00]} Qe8+ {[%emt 0:00:01]} 93. Kf5 {[%emt 0:00:01]} Kd5 {[%emt 0:00:02]} 94. Kf4 {[%emt 0:00:00]} Qe4+ {[%emt 0:00:02] Kf3 Qxf3} 0-1

[Event "Bergen Grand Prix 2019"]
[Site "Bergen"]
[Date "2019.11.17"]
[Round "5.8"]
[White "Jacobsen, Hans-Henry"]
[Black "Jacobsen, Fredrik Lytomt"]
[Result "1-0"]
[WhiteElo "1646"]
[BlackElo "1578"]
[Annotator "NA RC"]
[PlyCount "65"]
[EventDate "2019.11.15"]
[EventType "swiss"]
[EventCountry "NOR"]
[SourceTitle "playchess.com"]
[Source "ChessBase"]
[SourceQuality "1"]
[TimeControl "40/5400:1800"]

1. c4 {[%emt 0:00:02]} e5 {[%emt 0:00:14]} 2. g3 {[%emt 0:00:06]} c6 {[%emt 0:00:09]} 3. Bg2 {[%emt 0:01:07]} d5 {[%emt 0:00:07]} 4. cxd5 {[%emt 0:00:43]} cxd5 {[%emt 0:00:05]} 5. d3 {[%emt 0:01:23]} Nf6 {[%emt 0:00:18]} 6. Nf3 {[%emt 0:00:22]} Nc6 {[%emt 0:00:09]} 7. Nc3 {[%emt 0:00:56]} h6 {[%emt 0:01:55]} 8. O-O {[%emt 0:01:37]} Be6 {[%emt 0:02:27]} 9. a3 {[%emt 0:04:59]} a5 {[%emt 0:02:08]} 10. Qa4 {[%emt 0:02:09]} Bd6 {[%emt 0:03:47]} 11. Bd2 {[%emt 0:02:11]} O-O {[%emt 0:02:24]} 12. h3 {[%emt 0:05:20]} Nd7 {[%emt 0:07:20]} 13. Rac1 {[%emt 0:08:18]} f5 {[%emt 0:04:56]} 14. e3 {[%emt 0:13:24]} e4 {[%emt 0:04:23]} 15. dxe4 {[%emt 0:02:09]} fxe4 {[%emt 0:00:18]} 16. Nd4 {[%emt 0:01:09]} Nxd4 {[%emt 0:00:02]} 17. Qxd4 {[%emt 0:02:31]} Be5 {[%emt 0:01:17]} 18. Qa4 {[%emt 0:00:57]} Nc5 {[%emt 0:00:46]} 19. Qb5 {[%emt 0:01:16]} Nd3 {[%emt 0:00:30]} 20. Rcd1 {[%emt 0:01:44]} Ra6 {[%emt 0:05:04]} 21. Na4 {[%emt 0:03:44]} Qc8 {[%emt 0:11:09]} 22. Bc3 {[%emt 0:03:47]} Kh8 {[%emt 0:06:31]} 23. Bxe5 {[%emt 0:01:15]} Nxe5 {[%emt 0:00:05]} 24. Nc5 {[%emt 0:00:34]} Bxh3 {[%emt 0:06:54]} 25. Rxd5 {[%emt 0:07:48]} Bxg2 {[%emt 0:03:12]} 26. Kxg2 {[%emt 0:01:39]} Ng4 {[%emt 0:07:30]} 27. Nxa6 {[%emt 0:02:26]} bxa6 {[%emt 0:01:49]} 28. Qc5 {[%emt 0:00:31]} Qe8 {[%emt 0:00:37]} 29. Qc7 {[%emt 0:01:51]} Qe6 {[%emt 0:01:59]} 30. Rd8 {[%emt 0:01:54]} Qf6 {[%emt 0:00:51]} 31. Rxf8+ {[%emt 0:00:13]} Qxf8 {[%emt 0:00:05]} 32. Qf4 {[%emt 0:00:07]} Nf6 {[%emt 0:00:05]} 33. Rc1 {[%emt 0:03:00]} 1-0

[Event "Bergen Grand Prix 2019"]
[Site "Bergen"]
[Date "2019.11.17"]
[Round "5.9"]
[White "Eriksen, Olai Dyrhaug"]
[Black "Sivertsen, Jarle"]
[Result "1/2-1/2"]
[WhiteElo "1539"]
[BlackElo "1597"]
[Annotator "NA RC"]
[PlyCount "72"]
[EventDate "2019.11.15"]
[EventType "swiss"]
[EventCountry "NOR"]
[SourceTitle "playchess.com"]
[Source "ChessBase"]
[SourceQuality "1"]
[TimeControl "40/5400:1800"]

1. d4 {[%emt 0:00:03]} d5 {[%emt 0:00:30]} 2. c4 {[%emt 0:00:06]} c6 {[%emt 0:00:27]} 3. Nf3 {[%emt 0:00:05]} Nf6 {[%emt 0:00:25]} 4. g3 {[%emt 0:00:23]} Bf5 {[%emt 0:01:19]} 5. Bg2 {[%emt 0:00:08]} e6 {[%emt 0:00:10]} 6. O-O {[%emt 0:00:14]} Be7 {[%emt 0:00:55]} 7. Nc3 {[%emt 0:00:39]} h6 {[%emt 0:02:16]} 8. b3 {[%emt 0:02:00]} O-O {[%emt 0:00:32]} 9. Bb2 {[%emt 0:00:28]} a5 {[%emt 0:02:24]} 10. Nd2 {[%emt 0:06:49]} Na6 {[%emt 0:06:29]} 11. Re1 {[%emt 0:09:29]} Re8 {[%emt 0:06:47]} 12. e4 {[%emt 0:03:05]} dxe4 {[%emt 0:02:11]} 13. Ndxe4 {[%emt 0:00:26]} Bb4 {[%emt 0:05:14]} 14. a3 {[%emt 0:24:30]} Nxe4 {[%emt 0:01:56]} 15. Bxe4 {[%emt 0:00:27]} Bxc3 {[%emt 0:02:27]} 16. Bxc3 {[%emt 0:00:07]} Bxe4 {[%emt 0:00:18]} 17. Rxe4 {[%emt 0:00:05]} Nc7 {[%emt 0:02:10]} 18. Qh5 {[%emt 0:06:19]} Qg5 {[%emt 0:02:09]} 19. Qf3 {[%emt 0:02:32]} b5 {[%emt 0:04:47]} 20. Rg4 {[%emt 0:01:07]} Qf5 {[%emt 0:00:12]} 21. Rf4 {[%emt 0:00:34]} Qc2 {[%emt 0:03:38]} 22. Qxc6 {[%emt 0:07:46]} Qxc3 {[%emt 0:00:51]} 23. Rb1 {[%emt 0:02:23]} e5 {[%emt 0:01:37]} 24. Rf3 {[%emt 0:00:53]} Qxd4 {[%emt 0:01:57]} 25. Qxc7 {[%emt 0:00:30]} f6 {[%emt 0:01:54]} 26. cxb5 {[%emt 0:01:08]} Rec8 {[%emt 0:00:40]} 27. Qb7 {[%emt 0:01:08]} Rab8 {[%emt 0:00:27]} 28. Qa6 {[%emt 0:00:14]} Qe4 {[%emt 0:03:40]} 29. Qxa5 {[%emt 0:03:26]} Qxb1+ {[%emt 0:00:22]} 30. Kg2 {[%emt 0:00:04]} Qe4 {[%emt 0:00:14]} 31. a4 {[%emt 0:02:32]} g5 {[%emt 0:00:30]} 32. Qa6 {[%emt 0:01:32]} g4 {[%emt 0:00:52]} 33. Qe6+ {[%emt 0:00:07]} Kg7 {[%emt 0:00:23]} 34. Qxf6+ {[%emt 0:00:22]} Kg8 {[%emt 0:01:44]} 35. Qf7+ {[%emt 0:00:08]} Kh8 {[%emt 0:00:06]} 36. Qf6+ {[%emt 0:00:07]} Kg8 {[%emt 0:01:08]} 1/2-1/2

[Event "Bergen Grand Prix 2019"]
[Site "Bergen"]
[Date "2019.11.17"]
[Round "5.10"]
[White "Dale, Svein"]
[Black "Sorhus, Jostein"]
[Result "0-1"]
[WhiteElo "1787"]
[BlackElo "1630"]
[Annotator "NA RC"]
[PlyCount "96"]
[EventDate "2019.11.15"]
[EventType "swiss"]
[EventCountry "NOR"]
[SourceTitle "playchess.com"]
[Source "ChessBase"]
[SourceQuality "1"]
[TimeControl "40/5400:1800"]

1. e4 {[%emt 0:00:03]} c5 {[%emt 0:00:26]} 2. d4 {[%emt 0:00:04]} cxd4 {[%emt 0:00:12]} 3. c3 {[%emt 0:00:06]} d3 {[%emt 0:00:10]} 4. Nf3 {[%emt 0:00:51]} g6 {[%emt 0:00:17]} 5. Bxd3 {[%emt 0:00:38]} Bg7 {[%emt 0:00:43]} 6. O-O {[%emt 0:00:51]} Nc6 {[%emt 0:00:49]} 7. Re1 {[%emt 0:01:45]} d6 {[%emt 0:00:42]} 8. Na3 {[%emt 0:01:38]} Nf6 {[%emt 0:01:36]} 9. Nc4 {[%emt 0:03:45]} O-O {[%emt 0:07:36]} 10. Bg5 {[%emt 0:01:33]} Bg4 {[%emt 0:02:56]} 11. h3 {[%emt 0:02:55]} Bxf3 {[%emt 0:04:23]} 12. Qxf3 {[%emt 0:00:33]} b5 {[%emt 0:00:45]} 13. Ne3 {[%emt 0:02:28]} Ne5 {[%emt 0:01:53]} 14. Qe2 {[%emt 0:00:41]} Nxd3 {[%emt 0:01:02]} 15. Qxd3 {[%emt 0:00:03]} h6 {[%emt 0:02:55]} 16. Bh4 {[%emt 0:01:15]} Nh5 {[%emt 0:01:42]} 17. Nd5 {[%emt 0:06:33]} g5 {[%emt 0:01:57]} 18. Qf3 {[%emt 0:03:27]} Nf6 {[%emt 0:02:16]} 19. Bg3 {[%emt 0:03:03]} Nd7 {[%emt 0:02:06]} 20. Qh5 {[%emt 0:04:40]} e5 {[%emt 0:04:00]} 21. Ne3 {[%emt 0:03:15]} Nf6 {[%emt 0:04:16]} 22. Qf3 {[%emt 0:00:26]} Kh8 {[%emt 0:05:35]} 23. Rad1 {[%emt 0:00:36]} Qc7 {[%emt 0:04:12]} 24. Nf5 {[%emt 0:00:46]} Rad8 {[%emt 0:01:10]} 25. Nxh6 {[%emt 0:02:03]} Nxe4 {[%emt 0:07:54]} 26. Rxe4 {[%emt 0:05:00]} Bxh6 {[%emt 0:02:03]} 27. Qf6+ {[%emt 0:03:36]} Kh7 {[%emt 0:02:28]} 28. h4 {[%emt 0:00:48]} g4 {[%emt 0:03:51]} 29. Rxg4 {[%emt 0:01:29]} Qd7 {[%emt 0:00:41]} 30. Qf3 {[%emt 0:04:11]} f5 {[%emt 0:03:41]} 31. Rb4 {[%emt 0:00:50]} e4 {[%emt 0:04:42]} 32. Qe2 {[%emt 0:01:03]} a6 {[%emt 0:02:11]} 33. Rxd6 {[%emt 0:02:34]} Qe7 {[%emt 0:01:14]} 34. Rxa6 {[%emt 0:03:17]} e3 {[%emt 0:01:52]} 35. Rd4 {[%emt 0:02:39]} Rxd4 {[%emt 0:01:48]} 36. cxd4 {[%emt 0:00:02]} Qe4 {[%emt 0:00:24]} 37. Ra7+ {[%emt 0:03:20]} Kg8 {[%emt 0:00:54]} 38. fxe3 {[%emt 0:10:13]} Bxe3+ {[%emt 0:00:38]} 39. Kh1 {[%emt 0:00:41]} Rc8 {[%emt 0:00:26]} 40. Rc7 {[%emt 0:05:48]} Qb1+ {[%emt 0:00:27]} 41. Kh2 {[%emt 0:00:50]} Qg1+ {[%emt 0:00:57]} 42. Kh3 {[%emt 0:00:08]} Qh1+ {[%emt 0:00:13]} 43. Bh2 {[%emt 0:00:36]} Rxc7 {[%emt 0:04:03]} 44. Qxe3 {[%emt 0:00:03]} Rg7 {[%emt 0:02:46]} 45. Qf3 {[%emt 0:01:11]} f4 {[%emt 0:00:17]} 46. d5 {[%emt 0:00:37]} Rg3+ {[%emt 0:00:11]} 47. Qxg3+ {[%emt 0:00:08]} fxg3 {[%emt 0:00:11]} 48. Kxg3 {[%emt 0:00:29]} Qd1 {[%emt 0:00:00]} 0-1

[Event "Bergen Grand Prix 2019"]
[Site "Bergen"]
[Date "2019.11.17"]
[Round "5.11"]
[White "Tenfjord Engelsen, Teodor"]
[Black "Wallevik, Karl"]
[Result "0-1"]
[WhiteElo "1349"]
[BlackElo "1186"]
[Annotator "NA RC"]
[PlyCount "40"]
[EventDate "2019.11.15"]
[EventType "swiss"]
[EventCountry "NOR"]
[SourceTitle "playchess.com"]
[Source "ChessBase"]
[SourceQuality "1"]
[TimeControl "40/5400:1800"]

1. d4 {[%emt 0:00:07]} d5 {[%emt 0:00:03]} 2. Nc3 {[%emt 0:00:04]} Nf6 {[%emt 0:00:36]} 3. Bf4 {[%emt 0:00:04]} a6 {[%emt 0:01:50]} 4. e3 {[%emt 0:00:04]} e6 {[%emt 0:03:25]} 5. Bd3 {[%emt 0:00:14]} Bb4 {[%emt 0:00:44]} 6. Nge2 {[%emt 0:00:05]} Bd7 {[%emt 0:01:36]} 7. O-O {[%emt 0:00:43]} Nc6 {[%emt 0:01:00]} 8. a3 {[%emt 0:00:30]} Ba5 {[%emt 0:00:49]} 9. f3 {[%emt 0:03:01]} Qe7 {[%emt 0:01:38]} 10. Re1 {[%emt 0:07:12]} O-O-O {[%emt 0:00:20]} 11. b4 {[%emt 0:00:20]} Bb6 {[%emt 0:01:13]} 12. Ng3 {[%emt 0:02:10]} e5 {[%emt 0:01:12]} 13. Nf5 {[%emt 0:04:14]} Bxf5 {[%emt 0:01:14]} 14. Bxf5+ {[%emt 0:00:08]} Kb8 {[%emt 0:00:45]} 15. dxe5 {[%emt 0:02:12]} Nxe5 {[%emt 0:00:30]} 16. Ne2 {[%emt 0:08:59]} Rhe8 {[%emt 0:03:22]} 17. Nd4 {[%emt 0:01:32]} Nc4 {[%emt 0:02:07]} 18. Qd3 {[%emt 0:05:39]} Nh5 {[%emt 0:04:24]} 19. Kh1 {[%emt 0:07:42]} Nxf4 {[%emt 0:01:03]} 20. exf4 {[%emt 0:00:38]} Qxe1+ {[%emt 0:00:20]} 0-1

[Event "Bergen Grand Prix 2019"]
[Site "Bergen"]
[Date "2019.11.17"]
[Round "5.12"]
[White "Hansen, Arve Nils"]
[Black "Fiskaaen, Martin Holten"]
[Result "1/2-1/2"]
[WhiteElo "1297"]
[BlackElo "1190"]
[Annotator "NA RC"]
[PlyCount "166"]
[EventDate "2019.11.15"]
[EventType "swiss"]
[EventCountry "NOR"]
[SourceTitle "playchess.com"]
[Source "ChessBase"]
[SourceQuality "1"]
[TimeControl "40/5400:1800"]

1. e4 {[%emt 0:01:53]} c5 {[%emt 0:00:11]} 2. Nf3 {[%emt 0:00:13]} d6 {[%emt 0:00:07]} 3. d4 {[%emt 0:01:33]} cxd4 {[%emt 0:00:09]} 4. Qxd4 {[%emt 0:01:30]} Nc6 {[%emt 0:00:17]} 5. Qd1 {[%emt 0:02:46]} Nf6 {[%emt 0:02:22]} 6. Bd3 {[%emt 0:00:49]} g6 {[%emt 0:02:31]} 7. Bd2 {[%emt 0:00:52]} Bg7 {[%emt 0:01:31]} 8. Bc3 {[%emt 0:00:05]} O-O {[%emt 0:01:13]} 9. Nbd2 {[%emt 0:03:46]} a6 {[%emt 0:02:15]} 10. Nb3 {[%emt 0:00:48]} b5 {[%emt 0:01:55]} 11. a3 {[%emt 0:03:46]} Bb7 {[%emt 0:04:50]} 12. Qe2 {[%emt 0:05:51]} Rc8 {[%emt 0:02:53]} 13. h3 {[%emt 0:04:36]} Nd7 {[%emt 0:03:46]} 14. Bxg7 {[%emt 0:01:46]} Kxg7 {[%emt 0:00:22]} 15. h4 {[%emt 0:04:19]} Nde5 {[%emt 0:01:29]} 16. h5 {[%emt 0:02:02]} Nxf3+ {[%emt 0:01:15]} 17. gxf3 {[%emt 0:00:24]} Ne5 {[%emt 0:01:30]} 18. hxg6 {[%emt 0:03:26]} Nxd3+ {[%emt 0:02:13]} 19. Qxd3 {[%emt 0:00:16]} hxg6 {[%emt 0:00:24]} 20. Qd4+ {[%emt 0:07:07]} e5 {[%emt 0:00:19]} 21. Qd2 {[%emt 0:00:47]} Rh8 {[%emt 0:11:54]} 22. O-O-O {[%emt 0:00:42]} Rxh1 {[%emt 0:07:48]} 23. Rxh1 {[%emt 0:00:08]} Qf6 {[%emt 0:00:25]} 24. Qh6+ {[%emt 0:00:20]} Kg8 {[%emt 0:00:21]} 25. Qh3 {[%emt 0:01:01]} Kf8 {[%emt 0:05:33]} 26. Rd1 {[%emt 0:04:21]} Rd8 {[%emt 0:06:34]} 27. Qh6+ {[%emt 0:02:10]} Ke7 {[%emt 0:01:31]} 28. Qe3 {[%emt 0:00:13]} Qf4 {[%emt 0:00:48]} 29. Rd3 {[%emt 0:04:02]} Qxe3+ {[%emt 0:00:44]} 30. fxe3 {[%emt 0:00:21]} Rh8 {[%emt 0:01:45]} 31. Rc3 {[%emt 0:02:01]} Kd7 {[%emt 0:01:22]} 32. Rd3 {[%emt 0:00:40]} Ke6 {[%emt 0:00:11]} 33. Rc3 {[%emt 0:01:26]} Rc8 {[%emt 0:00:18]} 34. Kd2 {[%emt 0:01:01]} Rxc3 {[%emt 0:02:09]} 35. Kxc3 {[%emt 0:00:06]} f5 {[%emt 0:00:32]} 36. Nd2 {[%emt 0:00:37]} d5 {[%emt 0:02:41]} 37. Kd3 {[%emt 0:02:29]} g5 {[%emt 0:03:57]} 38. exf5+ {[%emt 0:03:27]} Kxf5 {[%emt 0:00:27]} 39. b3 {[%emt 0:00:17]} d4 {[%emt 0:05:11]} 40. a4 {[%emt 0:01:47]} dxe3 {[%emt 0:03:01]} 41. Kxe3 {[%emt 0:30:23]} b4 {[%emt 0:30:22]} 42. Nc4 {[%emt 0:00:24]} Bd5 {[%emt 0:00:00]} 43. a5 {[%emt 0:00:00]} Bc6 {[%emt 0:00:00]} 44. Nd2 {[%emt 0:00:00]} g4 {[%emt 0:00:00]} 45. fxg4+ {[%emt 0:00:00]} Kxg4 {[%emt 0:00:00]} 46. Nb1 {[%emt 0:00:00]} Kf5 {[%emt 0:00:00]} 47. Nd2 {[%emt 0:00:00]} Ke6 {[%emt 0:00:00]} 48. Nc4 {[%emt 0:00:00]} Bb7 {[%emt 0:00:00]} 49. Kd2 {[%emt 0:00:00]} e4 {[%emt 0:00:00]} 50. c3 {[%emt 0:00:00]} bxc3+ {[%emt 0:00:00]} 51. Kxc3 {[%emt 0:00:00]} Kd5 {[%emt 0:00:00]} 52. b4 {[%emt 0:00:00]} Bc6 {[%emt 0:00:00]} 53. Ne3+ {[%emt 0:00:00]} Kd6 {[%emt 0:00:00]} 54. Kd4 {[%emt 0:00:00]} Bb7 {[%emt 0:00:00]} 55. Nf5+ {[%emt 0:00:00]} Ke6 {[%emt 0:00:00]} 56. Ne3 {[%emt 0:00:00]} Kd6 {[%emt 0:00:00]} 57. Nd1 {[%emt 0:00:00]} Kc6 {[%emt 0:00:00]} 58. Nc3 {[%emt 0:00:00]} e3 {[%emt 0:00:00]} 59. Kxe3 {[%emt 0:00:00]} Bc8 {[%emt 0:00:00]} 60. Kd4 {[%emt 0:00:00]} Bh3 {[%emt 0:00:00]} 61. Ke5 {[%emt 0:00:00]} Bg2 {[%emt 0:00:00]} 62. Ke6 {[%emt 0:00:00]} Bh3+ {[%emt 0:00:00]} 63. Ke7 {[%emt 0:00:00]} Bg4 {[%emt 0:00:00]} 64. Kd8 {[%emt 0:00:00]} Bh3 {[%emt 0:00:00]} 65. Ke7 {[%emt 0:00:00]} Bg2 {[%emt 0:00:00]} 66. Ke6 {[%emt 0:00:00]} Bh3+ {[%emt 0:00:00]} 67. Ke5 {[%emt 0:00:00]} Bg2 {[%emt 0:00:00]} 68. Kd4 {[%emt 0:00:00]} Bh3 {[%emt 0:00:00]} 69. Na2 {[%emt 0:00:00]} Kb5 {[%emt 0:00:00]} 70. Kd5 {[%emt 0:00:00]} Bg2+ {[%emt 0:00:00]} 71. Kd6 {[%emt 0:00:00]} Bf3 {[%emt 0:00:00]} 72. Kc7 {[%emt 0:00:00]} Bg2 {[%emt 0:00:00]} 73. Kb8 {[%emt 0:00:00]} Bh3 {[%emt 0:00:00]} 74. Kb7 {[%emt 0:01:02]} Bg2+ {[%emt 0:00:00]} 75. Ka7 {[%emt 0:00:46]} Bh3 {[%emt 0:00:00]} 76. Nc1 {[%emt 0:02:15]} Bf1 {[%emt 0:00:00]} 77. Na2 {[%emt 0:01:41]} Bc4 {[%emt 0:00:00]} 78. Nc3+ {[%emt 0:00:39]} Kxb4 {[%emt 0:00:00]} 79. Nd5+ {[%emt 0:00:27]} Bxd5 {[%emt 0:00:00]} 80. Kxa6 {[%emt 0:00:06]} Kc5 {[%emt 0:00:00]} 81. Ka7 {[%emt 0:00:15]} Kb5 {[%emt 0:00:00]} 82. a6 {[%emt 0:00:05]} Ka5 {[%emt 0:00:00]} 83. Kb8 {[%emt 0:00:11]} Kxa6 {[%emt 0:00:00]} 1/2-1/2